00943nam a2200217 a 4500001001000000003000500010005001700015008004100032010001100073011001100084040000900095100004500104245021300149260004100362500006000403502007800463650004100541650004500582650002800627856007000655000113070CHAP20220329144337.0170406s2016 mx sm |||||||spa d a109531 a110503 cCHAP1 aLárraga Martínez, María de Lourdes10aEstrategias de enseñanza y aprendizaje significativo en el curso de fundamentos de contabilidad en la Universidad Politécnica de Texcoco (UPTex)h[En línea]cpor María de Lourdes Lárraga Martínez. aChapingo, Méx. :bEl autor,c2016. aPara ver el contenido del material haga clic en la liga aTesis (M. en Procesos Educativos) -- UACH. Centro de Educación Continua14aContabilidadxEstudio y enseñanza.14aEducación superiorxPlanes de estudio.14aMaestrosxEvaluación. aFinding aiduhttp://10.13.5.2/tesis/sist113070.pdfzTeclea aquí